| 000 -ლიდერი |
| ფიქსირებული სიგრძის საკონტროლო ველი |
01217nam a2200253Ia 4500 |
| 001 - საკონტროლო ნომერი |
| საკონტროლო ველი |
20425 |
| 003 - საკონტროლო ნომრის იდენტიფიკატორი |
| საკონტროლო ველი |
GE_BSU |
| 005 - ბოლო ოპერაციის თარიღი და დრო |
| საკონტროლო ველი |
20201203223342.0 |
| 008 - ფიქსირებული სიგრძის მონაცემთა ელემენტები - ზოგადი ინფორმაცია |
| ფიქსირებული სიგრძის საკონტროლო ველი |
181216s1982||||ge |||||||||||||| ||geo|| |
| 040 ## - კატალოგიზაციის წყარო |
| Transcribing agency |
GE_BSU |
| 041 ## - ენის კოდი |
| Language code of text/sound track or separate title |
geo |
| 080 ## - უნივერსალური ათობითი კლასიფიკაციის ინდექსი |
| Universal Decimal Classification number |
811.353.1-84(075.3=161.1) ლ-85 |
| 100 ## - მთავარი ჩანაწერი - პიროვნების სახელი |
| Personal name |
ლორთქიფანიძე, პ. |
| 9 (RLIN) |
7680 |
| 245 ## - ცნობა სათაურის შესახებ |
| Title |
ქართული ენა : |
| Remainder of title |
საქ. სსრ რუსული სკოლის VI კლასის სახელმძღვ. / |
| Statement of responsibility, etc |
პ. ლორთქიფანიძე, ბ. ბერიძე, ა. ნემსაძე ; რედ. : გ. ახალაია, ც. ნევეროვსკაია. |
| 264 ## - წარმოების, გამოცემის, დისტრიბუციის და სხვა ცნობები |
| გამოცემის, წარმოების, დისტრიბუციის... ადგილი |
თბილისი : |
| გამოცემის, წარმოების, დისტრიბუციის... სახელწოდება |
განათლება, |
| გამოცემის, წარმოების, დისტრიბუციის... თარიღი |
1982. |
| 300 ## - ფიზიკური აღწერა |
| Extent |
131 გვ. : |
| Other physical details |
ილ. ; |
| Dimensions |
22 სმ. |
| 653 ## - INDEX TERM--UNCONTROLLED |
| Uncontrolled term |
ქართული ენა |
| 700 ## - ADDED ENTRY--PERSONAL NAME |
| Personal name |
ბერიძე, ბ. |
| Relator term |
ავტორი |
| 9 (RLIN) |
9828 |
| 700 ## - ADDED ENTRY--PERSONAL NAME |
| Personal name |
ნემსაძე, ა. |
| Relator term |
ავტორი |
| 9 (RLIN) |
9825 |
| 700 ## - ADDED ENTRY--PERSONAL NAME |
| Personal name |
ახალაია, გ. |
| Relator term |
რედაქტორი |
| 9 (RLIN) |
9826 |
| 700 ## - ADDED ENTRY--PERSONAL NAME |
| Personal name |
ნევეროვსკაია, ც. |
| Relator term |
რედაქტორი |
| 9 (RLIN) |
9827 |
| 942 ## - ADDED ENTRY ELEMENTS (KOHA) |
| Koha item type |
წიგნი |
| Source of classification or shelving scheme |
|